00620nam a2200193 a 450000100060000000300080000600500170001400800410003103500210007204000260009304100080011908200240012710000340015124500880018526000480027330000250032165000550034670000250040164121BD-RJUL20211209081255.0170209t1965 enk 000 1 eng d a(BD-RJUL) 64251 aBD-RJULcBD-RJULbeng aeng04a823.8223bDIG 19651 aDickens, Charles,d1812-1870.10aGreat expectations /cCharles Dickens ; with an introduction by Edward Wagenknecht. aNew York :bWashington Square Press,c1965. axi, 466 p. ;c17 cm. aEnglandvFiction.xSocial conditionsy19th century1 aWagenknecht, Edward